000
00300nam a22001337a 4500
008
181011b xxu||||| |||| 00| 0 eng d
020
_a
9789290449843
041
_a
eng
080
_a
591
100
_a
7
101
_a
ZOO
245
_a
Atlas of porcine dermatology
_c
Gourreau,J.M
942
_2
udc
_c
BK
999
_c
49384
_d
49384